00536nam a2200193Ia 4500008004000000082001300040100001600053245002100069250000500090260003600095300001400131440000600145650001600151690001200167700001700179906001100196999001700207952011800224210210b1981 xxu||||| |||| 00| 0 eng d a596 DHAC aDHAMI (P S) aChordate zoology a aNew DelhibR Chand & Co.,c1981 aviii,1146 a2 aChordates  aZoology aDHAMI (J K). a035609 c86233d86233 001040708BiologyaALbALcBiologyd2021-02-17g30.00l0o596 DHACp035609r2021-02-17 00:00:00w2021-02-17yBK